| 000 | 00359cam a22001217a 4500 | ||
|---|---|---|---|
| 008 | 180718b1959 xxu||||| |||| 00| 0 eng d | ||
| 082 | _aZ41x47 An29 | ||
| 100 | _aAndreeva, Evgenia | ||
| 245 |
_aToday and tomorrow of our collective farm _cby Evgenia Andreeva |
||
| 260 |
_aDelhi _bSoviet Land Bks. _c1959 |
||
| 300 | _a32p. | ||
| 650 | _aCollective Farming - USSR | ||
| 999 |
_c478098 _d478098 |
||